[Event "Olomoucke sachove leto GM1"]
[Site "?"]
[Date "2015.08.18"]
[Round "5.1"]
[White "Ioannidis, Evgenios"]
[Black "Repka, Christopher"]
[Result "0-1"]
[WhiteElo "2362"]
[BlackElo "2450"]
[PlyCount "50"]
[EventDate "2015.??.??"]

1. d4 Nf6 2. c4 Nc6 3. Nf3 d6 4. d5 Ne5 5. Nxe5 dxe5 6. g3 e6 7. Bg2 Bc5 8. O-O
O-O 9. Qc2 Qe7 10. Nc3 exd5 11. Bg5 d4 12. Nd5 Qd6 13. Bxf6 gxf6 14. Qd2 c6 15.
b4 Bb6 16. c5 Qe6 17. Nf4 exf4 18. cxb6 axb6 19. Qxd4 Qe5 20. Qxb6 Ra6 21. gxf4
Qxa1 22. Qc5 Rxa2 23. h3 Qb2 24. Be4 f5 25. Kh2 Ra1 0-1

[Event "Olomoucke sachove leto GM1"]
[Site "?"]
[Date "2015.08.18"]
[Round "5.2"]
[White "Yagupov, Igor"]
[Black "Rasik, Vitezslav"]
[Result "1/2-1/2"]
[WhiteElo "2348"]
[BlackElo "2446"]
[PlyCount "89"]
[EventDate "2015.??.??"]

1. e4 d6 2. d4 g6 3. Nc3 Bg7 4. f4 Nf6 5. Nf3 O-O 6. Bd3 Nc6 7. e5 dxe5 8. fxe5
Nh5 9. Be3 Bg4 10. Be2 f6 11. exf6 Nxf6 12. Qd2 Nd5 13. Nxd5 Qxd5 14. c4 Qd7
15. O-O-O Rad8 16. Rhe1 Kh8 17. d5 Bxf3 18. Bxf3 Ne5 19. Be2 Ng4 20. Bxg4 Qxg4
21. Qe2 Qf5 22. g4 Qd7 23. Bd4 Rf7 24. Qe6 Kg8 25. Bxg7 Kxg7 26. Qe5+ Kg8 27.
Rd4 c6 28. Red1 Rdf8 29. Qe6 Qxe6 30. dxe6 Rf6 31. Re4 Rf2 32. Rd2 Rxd2 33.
Kxd2 Rf2+ 34. Kc3 Rxh2 35. Rd4 h5 36. gxh5 gxh5 37. Rd7 h4 38. Rxe7 h3 39. Rd7
Re2 40. Rd3 h2 41. Rh3 c5 42. e7 Kf7 43. Rh7+ Ke8 44. a3 a5 45. a4 1/2-1/2

[Event "Olomoucke sachove leto GM1"]
[Site "?"]
[Date "2015.08.18"]
[Round "5.3"]
[White "Plat, Vojtech"]
[Black "Nguyen, Thai Dai Van"]
[Result "0-1"]
[WhiteElo "2458"]
[BlackElo "2364"]
[PlyCount "106"]
[EventDate "2015.??.??"]

1. e4 c5 2. Nf3 d6 3. c3 Nf6 4. Bc4 e6 5. Qe2 Be7 6. d4 cxd4 7. cxd4 d5 8. exd5
Nxd5 9. O-O O-O 10. Nc3 Nc6 11. Be3 a6 12. Rac1 Nxc3 13. Rxc3 b5 14. Bb3 Bb7
15. Rfc1 Na5 16. Bc2 Nc4 17. Ne5 Nxe5 18. dxe5 Qd5 19. f4 Rac8 20. Rd1 Qxa2 21.
Bb1 Qa5 22. Rd7 Bb4 23. Rxb7 Bxc3 24. bxc3 Qxc3 25. Kf2 g6 26. Be4 Rc4 27. Bf3
Rd8 28. Kg3 b4 29. Qa2 Rdc8 30. Qf2 b3 31. h4 Qc2 32. h5 a5 33. hxg6 hxg6 34.
f5 gxf5 35. Bh5 f4+ 36. Kh2 Qxf2 37. Bxf2 Rb4 38. Bxf7+ Kf8 39. Ra7 b2 40. Bg6
b1=Q 41. Bxb1 Rxb1 42. Rxa5 Kf7 43. Kh3 Rg8 44. Ra7+ Kg6 45. Kg4 Kh6+ 46. Kf3
Rb3+ 47. Ke4 Rxg2 48. Bc5 f3 49. Kf4 Rg8 50. Rf7 Kg6 51. Rf6+ Kh5 52. Rxe6 Rg4+
53. Kf5 f2 0-1

[Event "Olomoucke sachove leto GM1"]
[Site "?"]
[Date "2015.08.18"]
[Round "5.4"]
[White "Ivanov, Mikhail M"]
[Black "Marek, Matyas"]
[Result "1/2-1/2"]
[WhiteElo "2408"]
[BlackElo "2344"]
[PlyCount "120"]
[EventDate "2015.??.??"]

1. d4 d5 2. c4 e6 3. Nf3 Nf6 4. Nc3 c6 5. e3 Nbd7 6. Qc2 Bd6 7. b3 b6 8. cxd5
exd5 9. Bd3 Bb7 10. O-O O-O 11. Rd1 h6 12. Bb2 Rc8 13. Qe2 Re8 14. Bf5 Rc7 15.
Rac1 Qe7 16. Rc2 Qd8 17. a3 Qe7 18. Rdc1 a6 19. b4 b5 20. Bxd7 Rxd7 21. Ne5 Rc7
22. Nb1 Rec8 23. Nd2 Nd7 24. Nxd7 Rxd7 25. Nb3 Qe6 26. Na5 Bb8 27. Bc3 Re7 28.
Be1 Ba8 29. Qh5 Kh7 30. Rc3 f5 31. g3 g5 32. Qd1 Qg6 33. f3 Re6 34. Bf2 Bc7 35.
Nb3 Bd6 36. Qc2 h5 37. Na5 Be7 38. g4 f4 39. exf4 gxf4 40. h3 Bf6 41. Kf1 Kg7
42. Qxg6+ Kxg6 43. Nb3 Rce8 44. Nc5 Re2 45. Nd3 Rxf2+ 46. Nxf2 Bxd4 47. Rd3 Be3
48. Re1 c5 49. bxc5 Rc8 50. gxh5+ Kxh5 51. Ng4 d4 52. Nxe3 dxe3 53. Rd4 Kg5 54.
Ke2 Rxc5 55. Rg1+ Kf5 56. Rg4 Rc2+ 57. Kd1 Rf2 58. Rdxf4+ Ke5 59. Re4+ Bxe4 60.
Rxe4+ Kf5 1/2-1/2

[Event "Olomoucke sachove leto GM1"]
[Site "?"]
[Date "2015.08.18"]
[Round "5.5"]
[White "Simacek, Pavel"]
[Black "Zilka, Stepan"]
[Result "0-1"]
[WhiteElo "2461"]
[BlackElo "2508"]
[PlyCount "52"]
[EventDate "2015.??.??"]

1. e4 e5 2. Nf3 Nc6 3. d4 exd4 4. Nxd4 Nf6 5. Nxc6 bxc6 6. e5 Qe7 7. Qe2 Nd5 8.
c4 Nb6 9. Nc3 Qe6 10. Qe4 g6 11. f4 Bb4 12. Bd2 O-O 13. Bd3 Ba6 14. b3 f5 15.
Qf3 d6 16. Qxc6 Rab8 17. Qf3 dxe5 18. Qe3 e4 19. Be2 Rfd8 20. a3 Bf8 21. c5 Nd5
22. Nxd5 Rxd5 23. b4 Bxe2 24. Qxe2 Bg7 25. Rc1 Rd3 26. O-O Qa2 0-1

[Event "Olomoucke sachove leto GM2"]
[Site "?"]
[Date "2015.08.18"]
[Round "5.1"]
[White "Teske, Henrik"]
[Black "Madan, Augustin"]
[Result "1-0"]
[WhiteElo "2475"]
[BlackElo "2296"]
[PlyCount "49"]
[EventDate "2015.??.??"]

1. e4 c5 2. Nf3 e6 3. b3 d6 4. Bb2 Nf6 5. e5 dxe5 6. Nxe5 Nbd7 7. f4 Bd6 8. Na3
Nd5 9. Qg4 Nxe5 10. fxe5 Bf8 11. O-O-O Bd7 12. Nc4 Bc6 13. Be2 h5 14. Qg3 h4
15. Qg4 Rh6 16. Rhf1 Rg6 17. Qf3 Qc7 18. Na5 Nb4 19. Nxc6 Nxc6 20. Qe4 Rh6 21.
Rf4 O-O-O 22. Rdf1 Qa5 23. Rxf7 Qxd2+ 24. Kb1 Rh8 25. Ba6 1-0

[Event "Olomoucke sachove leto GM2"]
[Site "?"]
[Date "2015.08.18"]
[Round "5.2"]
[White "Cernousek, Lukas"]
[Black "Neuman, Petr"]
[Result "1-0"]
[WhiteElo "2458"]
[BlackElo "2464"]
[PlyCount "47"]
[EventDate "2015.??.??"]

1. d4 d5 2. c4 c6 3. Nf3 Nf6 4. Nc3 a6 5. e3 Bf5 6. Ne5 Nbd7 7. Qb3 Ra7 8. Nxd7
Qxd7 9. cxd5 Nxd5 10. f3 Nxc3 11. bxc3 e5 12. e4 Be6 13. Qb6 Ra8 14. dxe5 Be7
15. Be3 Bd8 16. Qd4 Ba5 17. Qxd7+ Kxd7 18. Kd2 b6 19. Kc2 Kc7 20. Be2 c5 21. f4
Rhe8 22. f5 Bd7 23. Bc4 Bc6 24. Bd5 1-0

[Event "Olomoucke sachove leto GM2"]
[Site "?"]
[Date "2015.08.18"]
[Round "5.3"]
[White "Sergeev, Vladimir"]
[Black "Kourousis, Epaminondas"]
[Result "1-0"]
[WhiteElo "2452"]
[BlackElo "2421"]
[PlyCount "77"]
[EventDate "2015.??.??"]

1. d4 Nf6 2. Nf3 e6 3. c3 c5 4. e3 b6 5. Nbd2 Bb7 6. Bd3 Be7 7. Qe2 Nc6 8. O-O
d5 9. b3 O-O 10. Bb2 Rc8 11. Rac1 cxd4 12. exd4 Qc7 13. Rfe1 Qf4 14. Rc2 Rfd8
15. Bc1 Qb8 16. Ng5 g6 17. Ndf3 Rf8 18. h4 Bd6 19. Ne5 Bxe5 20. dxe5 Nd7 21.
Nxh7 Kxh7 22. Qh5+ Kg8 23. Bxg6 fxg6 24. Qxg6+ Kh8 25. Re3 Qxe5 26. Rxe5 Ncxe5
27. Qh6+ Kg8 28. Qxe6+ Rf7 29. Re2 Rc6 30. Qe8+ Rf8 31. Qh5 Rcf6 32. Rxe5 Nxe5
33. Qxe5 Rxf2 34. Qg5+ Kh8 35. Qh6+ Kg8 36. Qg6+ Kh8 37. Be3 Rxg2+ 38. Qxg2 Rg8
39. Bg5 1-0

[Event "Olomoucke sachove leto GM2"]
[Site "?"]
[Date "2015.08.18"]
[Round "5.4"]
[White "Camarena Gimenez, Rufino"]
[Black "Cerveny, Martin"]
[Result "0-1"]
[WhiteElo "2378"]
[BlackElo "2399"]
[PlyCount "102"]
[EventDate "2015.??.??"]

1. d4 d5 2. c4 c6 3. Nf3 Nf6 4. e3 Bf5 5. Nc3 e6 6. Nh4 Bg4 7. Qb3 Qc7 8. h3
Bh5 9. g4 Bg6 10. Nxg6 hxg6 11. Bg2 g5 12. e4 Nxe4 13. Nxe4 dxe4 14. Bxg5 Na6
15. Bxe4 Bb4+ 16. Kf1 Be7 17. Be3 g6 18. c5 Rd8 19. Qc4 Qd7 20. Kg2 Nc7 21. b4
Bf6 22. Rad1 Nd5 23. a4 Qc7 24. Bxd5 Rxd5 25. Qc2 O-O 26. h4 Rfd8 27. Qe4 e5
28. h5 exd4 29. Bf4 Qd7 30. Bd6 gxh5 31. Rxh5 Rxh5 32. gxh5 Re8 33. Qf4 Qe6 34.
Kh2 Kh7 35. Rd3 Bg7 36. Rf3 f5 37. Qxf5+ Qxf5 38. Rxf5 d3 39. Rf3 d2 40. Rd3
Bh6 41. f4 Re2+ 42. Kg3 Re3+ 43. Rxe3 d1=Q 44. Re7+ Kg8 45. Rxb7 a6 46. a5 Bg7
47. Rb8+ Kf7 48. f5 Qd3+ 49. Kg4 Qe4+ 50. Kg5 Bf6+ 51. Kh6 Qxf5 0-1

[Event "Olomoucke sachove leto GM2"]
[Site "?"]
[Date "2015.08.18"]
[Round "5.5"]
[White "Plischki, Sebastian"]
[Black "Rydl, Jiri"]
[Result "1/2-1/2"]
[WhiteElo "2393"]
[BlackElo "2419"]
[PlyCount "94"]
[EventDate "2015.??.??"]

1. d4 d5 2. c4 c6 3. Nf3 Nf6 4. Nc3 e6 5. e3 Nbd7 6. Bd3 dxc4 7. Bxc4 b5 8. Bd3
Bb7 9. e4 b4 10. Na4 c5 11. e5 Nd5 12. O-O h6 13. Bd2 a6 14. Re1 cxd4 15. Nxd4
Nc5 16. Bc2 Rc8 17. Rc1 Be7 18. Nxc5 Bxc5 19. Ba4+ Ke7 20. Nb3 Ba7 21. Rxc8
Bxc8 22. Qg4 Qb6 23. Qxg7 Qxf2+ 24. Kh1 Rd8 25. Qxh6 Be3 26. Qxe3 Nxe3 27.
Bxb4+ Rd6 28. exd6+ Kf6 29. Bc6 Kg6 30. Nc5 Qxb2 31. a3 a5 32. Bxa5 Qxa3 33.
Nd3 Qxa5 34. Rxe3 Qb6 35. Re1 Qd4 36. d7 Bxd7 37. Ne5+ Kg7 38. Bxd7 Qd2 39. Rg1
f6 40. Bxe6 fxe5 41. h3 e4 42. Bg4 e3 43. Rd1 e2 44. Bxe2 Qxe2 45. Rb1 Kf6 46.
Kh2 Kg5 47. Rb3 Qe5+ 1/2-1/2

[Event "Olomoucke sachove leto IM"]
[Site "?"]
[Date "2015.08.18"]
[Round "5.1"]
[White "Shevchenko, Kirill"]
[Black "Zhylkaidarova, Sholpan"]
[Result "1-0"]
[WhiteElo "2265"]
[BlackElo "2145"]
[PlyCount "89"]
[EventDate "2015.??.??"]

1. e4 e6 2. d4 d5 3. Nc3 Bb4 4. e5 c5 5. a3 Ba5 6. b4 cxd4 7. Nb5 Bc7 8. f4 Bd7
9. Nxc7+ Qxc7 10. Nf3 Ba4 11. Bd3 Ne7 12. O-O Nbc6 13. Qe1 a6 14. Qf2 Qb6 15.
Rb1 Bb5 16. g4 Bxd3 17. cxd3 h5 18. h3 Qb5 19. Qc2 Rc8 20. a4 Qb6 21. Qd2 hxg4
22. hxg4 Ng6 23. b5 Nh4 24. Ng5 a5 25. Ba3 Nb4 26. Rxb4 axb4 27. Qxb4 Qd8 28.
a5 Rc2 29. Rf2 Rxf2 30. Kxf2 Ng6 31. Kg3 Nxe5 32. Qxd4 f6 33. Nxe6 Qd7 34. Qb6
Kf7 35. f5 g6 36. Nc5 Qc8 37. Qxb7+ Qxb7 38. fxg6+ Kxg6 39. Nxb7 Nxd3 40. b6
Ra8 41. Nd6 Ne5 42. b7 Rb8 43. a6 Nc6 44. Bc5 d4 45. Bxd4 1-0

[Event "Olomoucke sachove leto IM"]
[Site "?"]
[Date "2015.08.18"]
[Round "5.2"]
[White "Ovchinnikov, Vsevolod"]
[Black "Bures, Jaroslav"]
[Result "0-1"]
[WhiteElo "2224"]
[BlackElo "2384"]
[PlyCount "160"]
[EventDate "2015.??.??"]

1. d4 d5 2. c4 e6 3. Nf3 dxc4 4. e3 Nf6 5. Bxc4 c5 6. O-O a6 7. a4 Nc6 8. Qe2
cxd4 9. Rd1 Be7 10. exd4 O-O 11. Nc3 Nb4 12. Ne5 Bd7 13. Ne4 Nxe4 14. Qxe4 Bc6
15. Nxc6 bxc6 16. Ra3 Bg5 17. Rh3 g6 18. Bf4 Nd5 19. Bxd5 cxd5 20. Qe3 Bxf4 21.
Qxf4 h5 22. g4 hxg4 23. Qxg4 Kg7 24. Rdd3 Qe7 25. Qf4 Rh8 26. Rc3 Rxh3 27. Rxh3
Rh8 28. Qe5+ f6 29. Qe3 Rxh3 30. Qxh3 Qd6 31. Qe3 g5 32. Kg2 Qb6 33. Qc3 a5 34.
b3 Kf7 35. Qd3 Kf8 36. h3 Qb4 37. Qe3 Ke7 38. Kf3 Kd6 39. Ke2 Kd7 40. Qd3 Ke7
41. Qe3 Kf7 42. Qd3 Kg7 43. Qe3 Kf7 44. Qd3 f5 45. Qe3 f4 46. Qd3 Kg7 47. Kf1
Qf8 48. Qc2 Kh6 49. Qc3 Qf5 50. Kg2 Qe4+ 51. Kh2 Qe2 52. Kg2 g4 53. hxg4 Qxg4+
54. Kf1 Qd1+ 55. Kg2 Kg5 56. Qc8 Kf5 57. Qh8 Qg4+ 58. Kf1 Ke4 59. Qe5+ Kd3 60.
Qe1 Kc2 61. Qa1 Qd1+ 62. Qxd1+ Kxd1 63. Kg2 Ke2 64. f3 Ke3 65. b4 axb4 66. a5
b3 67. a6 b2 68. a7 b1=Q 69. a8=Q Qg6+ 70. Kf1 Qd3+ 71. Kg2 Qe2+ 72. Kh3 Qxf3+
73. Kh4 Qg3+ 74. Kh5 Qh3+ 75. Kg5 Qf5+ 76. Kh4 Qh7+ 77. Kg5 Qg7+ 78. Kh4 Qxd4
79. Qa3+ Ke4 80. Qe7 Qh8+ 0-1

[Event "Olomoucke sachove leto IM"]
[Site "?"]
[Date "2015.08.18"]
[Round "5.3"]
[White "Paszewski, Mateusz"]
[Black "Malik, Jan"]
[Result "1/2-1/2"]
[WhiteElo "2292"]
[BlackElo "2305"]
[PlyCount "56"]
[EventDate "2015.??.??"]

1. c4 e6 2. Nf3 Nf6 3. g3 d5 4. b3 Be7 5. Bg2 O-O 6. O-O c6 7. Bb2 Nbd7 8. d3
b6 9. Nbd2 Bb7 10. Qc2 c5 11. e4 d4 12. Rae1 e5 13. Bh3 Bd6 14. Nh4 Bc8 15. Bc1
Nh5 16. Ndf3 Ndf6 17. Bxc8 Qxc8 18. Nf5 Qc7 19. N3h4 g6 20. Nxd6 Qxd6 21. f4
Ng4 22. Qe2 Ne3 23. Bxe3 dxe3 24. fxe5 Qxe5 25. Qxe3 Rad8 26. Nf3 Qd6 27. Rd1
Nxg3 28. hxg3 Qxg3+ 1/2-1/2

[Event "Olomoucke sachove leto IM"]
[Site "?"]
[Date "2015.08.18"]
[Round "5.4"]
[White "Biolek, Richard"]
[Black "Kozusek, Daniel"]
[Result "1-0"]
[WhiteElo "2447"]
[BlackElo "2347"]
[PlyCount "81"]
[EventDate "2015.??.??"]

1. c4 e5 2. Nc3 Nf6 3. Nf3 Nc6 4. e3 Bb4 5. Qc2 Bxc3 6. Qxc3 e4 7. Nd4 O-O 8.
b3 Ne5 9. Bb2 d6 10. d3 Re8 11. Rd1 Bg4 12. Rd2 Bh5 13. Nb5 a6 14. Na3 Bg6 15.
d4 Nd3+ 16. Bxd3 exd3 17. d5 Re5 18. Qc1 Rg5 19. f3 Qe7 20. Rf2 Re8 21. O-O h5
22. e4 Nd7 23. Qe3 f5 24. Bc1 f4 25. Qxf4 Re5 26. Qd2 h4 27. Bb2 Rg5 28. Qxd3
Nc5 29. Qd4 Bxe4 30. Re1 h3 31. g3 Re5 32. fxe4 Nxe4 33. Rff1 Qg5 34. Qe3 Nxg3
35. Qxg5 Ne2+ 36. Kh1 Rxg5 37. Nc2 Rg2 38. Nd4 Ng3+ 39. hxg3 Rxe1 40. Rxe1 Rxb2
41. Re7 1-0

[Event "Olomoucke sachove leto IM"]
[Site "?"]
[Date "2015.08.18"]
[Round "5.5"]
[White "Jurek, Josef"]
[Black "Soural, Jan"]
[Result "1-0"]
[WhiteElo "2285"]
[BlackElo "2215"]
[PlyCount "67"]
[EventDate "2015.??.??"]

1. Nf3 Nf6 2. c4 g6 3. d4 Bg7 4. g3 O-O 5. Bg2 d6 6. Nc3 c6 7. O-O Qa5 8. h3
Nbd7 9. e4 e5 10. Re1 exd4 11. Nxd4 Ne5 12. Bf1 Re8 13. Be3 c5 14. Nb3 Qb4 15.
Nd2 Be6 16. a3 Qb6 17. b4 Qc7 18. Rc1 Rad8 19. Nd5 Qc8 20. Bg5 Nxd5 21. cxd5 f6
22. Be3 Bxh3 23. bxc5 Bxf1 24. Nxf1 dxc5 25. Rxc5 Qh3 26. Rc7 f5 27. exf5 Qxf5
28. Nh2 Nd3 29. Re2 Qxd5 30. Qc2 Be5 31. Ng4 Bg7 32. Rxg7+ Kxg7 33. Qc3+ Kf7
34. Qf6+ 1-0

[Event "Olomoucke sachove leto Open Olomouc"]
[Site "?"]
[Date "2015.08.18"]
[Round "5.1"]
[White "Krejci, Jan"]
[Black "Studnicka, Tomas"]
[Result "1-0"]
[WhiteElo "2506"]
[BlackElo "2383"]
[PlyCount "97"]
[EventDate "2015.??.??"]

1. e4 c5 2. Nf3 g6 3. d4 cxd4 4. Qxd4 Nf6 5. Nc3 Nc6 6. Qa4 d6 7. e5 dxe5 8.
Nxe5 Qd4 9. Nxc6 Qxa4 10. Nxa4 bxc6 11. Bd2 Bg7 12. O-O-O O-O 13. Be2 Rb8 14.
b3 Bf5 15. f3 Nd5 16. g4 Bc8 17. Rhe1 f5 18. g5 Be5 19. Bc4 Bd6 20. Be3 e6 21.
Bxa7 Ra8 22. Bc5 Bf4+ 23. Kb2 Re8 24. h4 Bg3 25. Rh1 Ba6 26. Bxa6 Rxa6 27. c4
Nf4 28. Bd6 e5 29. Nc5 Ra7 30. Rd2 Rf7 31. Rg1 Bxh4 32. Rh2 Nh3 33. Rxh3 Bf2
34. Rd1 Rd8 35. Rhh1 Bd4+ 36. Rxd4 exd4 37. Be5 d3 38. f4 d2 39. Kc2 h5 40.
gxh6 d1=Q+ 41. Rxd1 Rxd1 42. Kxd1 Kh7 43. Bg7 Re7 44. Bf6 Ra7 45. a4 Kxh6 46.
b4 Kh5 47. b5 cxb5 48. cxb5 Rc7 49. b6 1-0

[Event "Olomoucke sachove leto Open Olomouc"]
[Site "?"]
[Date "2015.08.18"]
[Round "5.2"]
[White "Balokas, Dimitrios"]
[Black "Karlik, Vladimir"]
[Result "1/2-1/2"]
[WhiteElo "2122"]
[BlackElo "2251"]
[PlyCount "142"]
[EventDate "2015.??.??"]

1. d4 Nf6 2. c4 d6 3. Nc3 g6 4. e4 Bg7 5. Nf3 O-O 6. h3 Na6 7. Bg5 Qe8 8. Bd3
e5 9. O-O c6 10. Re1 Nh5 11. Bf1 exd4 12. Nxd4 Nc5 13. Qd2 Bxd4 14. Qxd4 Ne6
15. Qd2 Nxg5 16. Qxg5 Qe5 17. Qxe5 dxe5 18. b4 Be6 19. a4 Rfd8 20. a5 Rd4 21.
a6 bxa6 22. c5 Bc4 23. Bxc4 Rxc4 24. Nb1 Nf4 25. Rxa6 Nd3 26. Na3 Rxb4 27. Re3
Nxc5 28. Rxc6 Ne6 29. Nc4 a5 30. Nxe5 a4 31. Rcc3 Nd4 32. Rc4 Rxc4 33. Nxc4 Nc2
34. Rc3 a3 35. Rxc2 a2 36. Rxa2 Rxa2 37. f3 Kg7 38. Kh2 h5 39. h4 Kf6 40. Kg3
Ra4 41. Nb6 Ra2 42. Nc4 Ke6 43. Ne3 Ke5 44. Nc4+ Ke6 45. Ne3 Rb2 46. Nc4 Re2
47. Nb6 Rc2 48. Nd5 Ke5 49. Nf4 Rd2 50. Nh3 Rd7 51. Ng5 f6 52. Nh3 f5 53. exf5
Kxf5 54. Ng5 Rd2 55. Nh3 Ke5 56. Nf4 Rd6 57. Ne2 Rf6 58. Kh3 Kf5 59. Kg3 Ke5
60. Kh3 Kd5 61. Kg3 Kc4 62. Nf4 Kd4 63. Nh3 Ke3 64. Ng5 Ke2 65. Ne4 Rf8 66. Kh2
Ke1 67. Kh3 Kf1 68. Kh2 Ke2 69. Kh3 Ke3 70. Kg3 Ra8 71. Nd6 Rf8 1/2-1/2

[Event "Olomoucke sachove leto Open Olomouc"]
[Site "?"]
[Date "2015.08.18"]
[Round "5.3"]
[White "Zhou, Guijue"]
[Black "Schmid, Thomas"]
[Result "1/2-1/2"]
[WhiteElo "2207"]
[BlackElo "2114"]
[PlyCount "93"]
[EventDate "2015.??.??"]

1. e4 c5 2. Nf3 d6 3. Nc3 Nf6 4. e5 dxe5 5. Nxe5 Nbd7 6. Nc4 g6 7. Be2 Bg7 8.
Bf3 Nb6 9. Ne3 O-O 10. a4 Rb8 11. a5 Nbd7 12. Nc4 b5 13. axb6 axb6 14. O-O Bb7
15. d3 Ra8 16. Ra3 Rxa3 17. bxa3 Qb8 18. Bd2 Rd8 19. Bxb7 Qxb7 20. Qe2 e6 21.
Rb1 Qc6 22. Nb5 Nd5 23. Qf3 Ne5 24. Nxe5 Bxe5 25. h4 Ne7 26. Qe2 Bf6 27. h5 Nf5
28. Nc3 Bg7 29. Qe4 Rc8 30. Qxc6 Rxc6 31. Ne4 gxh5 32. a4 h6 33. c4 Nd4 34. Kf1
Kh7 35. f3 Kg6 36. Kf2 f5 37. Ng3 h4 38. Ne2 Nxe2 39. Kxe2 Bf6 40. Be3 Bd8 41.
Rb5 Be7 42. Bf2 e5 43. Be3 Kh5 44. Bf2 Kg6 45. Be3 Kh5 46. Bf2 Kg6 47. Be3
1/2-1/2

[Event "Olomoucke sachove leto Open Olomouc"]
[Site "?"]
[Date "2015.08.18"]
[Round "5.4"]
[White "Chkhaidze, Nikoloz"]
[Black "Baasansuren, Erdene"]
[Result "1-0"]
[WhiteElo "2225"]
[BlackElo "1923"]
[PlyCount "43"]
[EventDate "2015.??.??"]

1. e4 c5 2. Nf3 d6 3. d4 cxd4 4. Nxd4 Nf6 5. Nc3 a6 6. Be3 e5 7. Nb3 Be6 8. f3
Be7 9. Qd2 Nbd7 10. g4 b5 11. g5 b4 12. Ne2 Nh5 13. Ng3 Nf4 14. Bxf4 exf4 15.
Nh5 O-O 16. h4 h6 17. Nd4 hxg5 18. hxg5 Bxg5 19. Qh2 Bh6 20. Nxg7 Qf6 21. Ngxe6
fxe6 22. Qxh6 1-0

[Event "Olomoucke sachove leto Open Olomouc"]
[Site "Olomouc (CZE), Hotel Flora"]
[Date "2015.08.18"]
[Round "5.5"]
[White "Klima, Lukas"]
[Black "Shilov, Sergey"]
[Result "1-0"]
[WhiteElo "2339"]
[BlackElo "2171"]
[PlyCount "77"]
[EventDate "2015.08.15"]

1. e4 d6 2. d4 Nf6 3. Nc3 g6 4. Be3 Bg7 5. Qd2 O-O 6. Bh6 e5 7. Bxg7 Kxg7 8.
O-O-O exd4 9. Qxd4 Nc6 10. Qd2 Qe7 11. f3 h5 12. Nge2 Qe5 13. Nf4 Be6 14. Nfd5
Bxd5 15. exd5 Nb4 16. a3 Na6 17. Re1 Qf5 18. Bd3 Qd7 19. Bxa6 bxa6 20. Qd4 Rfe8
21. Ne4 Qf5 22. Nxf6 Qxf6 23. Qxf6+ Kxf6 24. Kd2 Re5 25. Rxe5 dxe5 26. c4 a5
27. b3 Ke7 28. Kc3 Kd6 29. Rd1 g5 30. b4 axb4+ 31. axb4 a5 32. c5+ Kd7 33. b5
a4 34. d6 a3 35. c6+ Kd8 36. dxc7+ Kxc7 37. Rd7+ Kb6 38. Kb4 Rb8 39. Kxa3 1-0

[Event "Olomoucke sachove leto Open Olomouc"]
[Site "Olomouc (CZE), Hotel Flora"]
[Date "2015.08.18"]
[Round "5.6"]
[White "Valenta, Vit"]
[Black "Kratochvil, Vit"]
[Result "0-1"]
[WhiteElo "2142"]
[BlackElo "2217"]
[PlyCount "64"]
[EventDate "2015.08.15"]

1. b4 e6 2. Bb2 Nf6 3. a3 d5 4. Nf3 a5 5. b5 c5 6. a4 b6 7. g3 Bb7 8. Bg2 Nbd7
9. O-O Qc7 10. d3 Be7 11. Nbd2 O-O 12. Re1 c4 13. c3 cxd3 14. exd3 Nc5 15. Qe2
Rac8 16. Nd4 Rfe8 17. Rec1 e5 18. Nf5 Bf8 19. Qf1 e4 20. dxe4 dxe4 21. Ba3 Rcd8
22. Nd4 Nd3 23. Rd1 Qxc3 24. Bxf8 Kxf8 25. Ne2 Qc7 26. h3 Qe7 27. Nc4 Qc5 28.
Ne3 Nd5 29. Nxd5 Bxd5 30. Nc1 Nb2 31. Rd2 Qc3 32. Qe2 Nd3 0-1

[Event "Olomoucke sachove leto Open Olomouc"]
[Site "Olomouc (CZE), Hotel Flora"]
[Date "2015.08.18"]
[Round "5.7"]
[White "Mulenko, Alexander"]
[Black "Trenner, Rolf"]
[Result "0-1"]
[WhiteElo "2046"]
[BlackElo "2189"]
[PlyCount "84"]
[EventDate "2015.08.15"]

1. d4 d5 2. Nf3 Nf6 3. c4 c6 4. Nc3 dxc4 5. a4 Bf5 6. Ne5 e6 7. Nxc4 c5 8. dxc5
Qxd1+ 9. Kxd1 Bxc5 10. Be3 Bxe3 11. Nxe3 Bg6 12. g4 Nc6 13. Bg2 O-O-O+ 14. Ke1
Nb4 15. Rc1 Kb8 16. f4 Rd4 17. Rf1 Rc8 18. Rd1 Rxd1+ 19. Kxd1 Rd8+ 20. Ke1 Nc2+
21. Nxc2 Bxc2 22. h3 Rd4 23. a5 Bb3 24. Rf3 a6 25. f5 exf5 26. Rxf5 Be6 27. e3
Rb4 28. Rf2 Nd7 29. Rd2 Ne5 30. Rd8+ Kc7 31. Re8 Rxb2 32. Be4 h6 33. Re7+ Nd7
34. Re8 Nc5 35. Bd5 Kd7 36. Rg8 Rh2 37. Rxg7 Rxh3 38. Ke2 Kd6 39. Bg2 Bc4+ 40.
Kf2 Nd3+ 41. Kg1 Rxe3 42. Bxb7 Nc5 0-1

[Event "Olomoucke sachove leto Open Olomouc"]
[Site "Olomouc (CZE), Hotel Flora"]
[Date "2015.08.18"]
[Round "5.8"]
[White "Ilandzis, Spyridon"]
[Black "Navratil-Jun., Jiri"]
[Result "0-1"]
[WhiteElo "2178"]
[BlackElo "1988"]
[PlyCount "42"]
[EventDate "2015.08.15"]

1. b3 d5 2. Bb2 Nf6 3. e3 c6 4. f4 Bf5 5. Nf3 Nbd7 6. Be2 e6 7. Nh4 Bg6 8. O-O
Bc5 9. Nxg6 hxg6 10. c4 Ne4 11. cxd5 exd5 12. Bxg7 Rh7 13. Bb2 Qe7 14. Rf3 Ndf6
15. h3 O-O-O 16. Qc1 Nh5 17. Bf1 Nxf4 18. Rxf4 Nxd2 19. Bd4 Bxd4 20. exd4 Qe3+
21. Rf2 Nf3+ 0-1

[Event "Olomoucke sachove leto Open Olomouc"]
[Site "Olomouc (CZE), Hotel Flora"]
[Date "2015.08.18"]
[Round "5.9"]
[White "Zdrazil, Tomas"]
[Black "Straka, Vojtech"]
[Result "0-1"]
[WhiteElo "2040"]
[BlackElo "2322"]
[PlyCount "59"]
[EventDate "2015.08.15"]

1. e4 c6 2. d4 d5 3. Nc3 dxe4 4. Nxe4 Bf5 5. Ng3 Bg6 6. h4 h6 7. Nf3 Nd7 8. Bd3
Bxd3 9. Qxd3 e6 10. Bd2 Ngf6 11. O-O-O Be7 12. Ne4 O-O 13. Kb1 Qb6 14. g4 Nxg4
15. Rdg1 f5 16. Rxg4 fxg4 17. Neg5 Bxg5 18. Nxg5 hxg5 19. hxg5 Rf5 20. Qe4 Nf8
21. g6 Rf6 22. Qxg4 Rxg6 23. Qh4 Qd8 24. Qh8+ Kf7 25. a3 Qxd4 26. Be3 Qg4 27.
Rh4 Qd1+ 28. Ka2 Rd8 29. Rf4+ Rf6 30. Qh5+ 0-1

[Event "Olomoucke sachove leto Open Olomouc"]
[Site "Olomouc (CZE), Hotel Flora"]
[Date "2015.08.18"]
[Round "5.10"]
[White "Zakoucka, Adela"]
[Black "Chudinovskikh, Alexander M"]
[Result "0-1"]
[WhiteElo "1965"]
[BlackElo "2275"]
[PlyCount "62"]
[EventDate "2015.08.15"]

1. e4 e5 2. Nf3 Nc6 3. Bb5 a6 4. Ba4 Nf6 5. d4 exd4 6. O-O Be7 7. e5 Ne4 8.
Nxd4 O-O 9. c3 Nxe5 10. Re1 d5 11. f3 c5 12. fxe4 cxd4 13. Qxd4 Qc7 14. b4 Bf6
15. Qxd5 Rd8 16. Qc5 Qxc5+ 17. bxc5 Nd3 18. Rf1 Nxc5 19. Bc2 Be6 20. Bf4 Nd3
21. Bd2 Rac8 22. Bb3 Bg4 23. h3 Be2 24. Rf5 Nc5 25. Bd5 Bd3 26. Rf4 Re8 27. Be3
Bxe4 28. Bxe4 Nxe4 29. Bd4 Bxd4+ 30. cxd4 Ng3 31. Kf2 Ne2 0-1

[Event "Olomoucke sachove leto Open senioru"]
[Site "Olomouc (CZE), Hotel Flora"]
[Date "2015.08.18"]
[Round "5.3"]
[White "Vik, Joergen"]
[Black "Pokora, Lubomir"]
[Result "1/2-1/2"]
[WhiteElo "1881"]
[BlackElo "1862"]
[PlyCount "68"]
[EventDate "2015.08.15"]

1. d4 d6 2. Nf3 Bg4 3. e3 e6 4. c4 Nd7 5. Nc3 Be7 6. Be2 Ngf6 7. O-O c6 8. Qc2
d5 9. b3 Bf5 10. Bd3 Bxd3 11. Qxd3 O-O 12. Bb2 Qc7 13. Rac1 Rad8 14. h3 Rfe8
15. Nd2 Nf8 16. e4 dxe4 17. Ndxe4 Nxe4 18. Qxe4 Bf6 19. Ne2 Ng6 20. Rfd1 Qa5
21. Qc2 Qg5 22. Rd3 Nf4 23. Nxf4 Qxf4 24. Rcd1 Qe4 25. Qd2 Re7 26. Qe3 Qxe3 27.
fxe3 Red7 28. Kf2 Be7 29. Ke2 f5 30. a3 Kf7 31. b4 a6 32. Bc3 g5 33. Rf1 Kg6
34. Rfd1 Bf6 1/2-1/2

[Event "Olomoucke sachove leto Open senioru"]
[Site "Olomouc (CZE), Hotel Flora"]
[Date "2015.08.18"]
[Round "5.4"]
[White "Kolmas, Oldrich"]
[Black "Mikulka, Jan"]
[Result "1/2-1/2"]
[WhiteElo "1949"]
[BlackElo "1833"]
[PlyCount "49"]
[EventDate "2015.08.15"]

1. e4 e5 2. d4 exd4 3. Qxd4 Nc6 4. Qe3 Nf6 5. e5 Ng4 6. Qe2 h5 7. h3 Nh6 8.
Qxh5 Qe7 9. Nf3 g6 10. Qg5 Qb4+ 11. c3 Qe4+ 12. Qe3 Qxe3+ 13. Bxe3 Ng4 14. Bd4
Nxd4 15. cxd4 c5 16. Nc3 cxd4 17. Nb5 Bb4+ 18. Nd2 Kd8 19. Nxd4 Bxd2+ 20. Kxd2
Nxf2 21. Rg1 Ne4+ 22. Ke3 d5 23. Nf3 Be6 24. Rd1 Ke7 25. Bd3 1/2-1/2